[Event "CAN-op"]
[Site "Vancouver CAN"]
[Date "1999.07.06"]
[Round "6"]
[White "Gushuliak, Justin"]
[Black "Levtchouk, George"]
[Result "0-1"]
[WhiteElo "2073"]
[BlackElo "2375"]
[PlyCount "72"]
[GameId "2160767911743093"]
[EventDate "1999.07.02"]
[EventType "swiss"]
[EventRounds "11"]
[EventCountry "CAN"]

1. e4 g6 2. d4 Bg7 3. Nc3 d6 4. Be3 a6 5. Qd2 Nd7 6. f3 b5 7. h4 h5 8. Nge2 Bb7 9. a3 Ngf6 10. Ng3 Rc8 11. d5 c6 12. dxc6 Bxc6 13. Be2 Qc7 14. O-O Qb7 15. Rad1 Ne5 16. Qd4 O-O 17. Qb6 Qxb6 18. Bxb6 Bb7 19. Bd4 Rfd8 20. Rfe1 Bh6 21. Kf2 Nfd7 22. Nf1 Nc5 23. Ne3 Kf8 24. g3 Nc6 25. Bxc5 dxc5 26. Ned5 Nd4 27. Bd3 e6 28. Nf4 c4 29. Bf1 Nxc2 30. Rxd8+ Rxd8 31. Re2 Nd4 32. Rd2 e5 33. Nce2 exf4 34. Rxd4 fxg3+ 35. Kxg3 Rxd4 36. Nxd4 Bg7 0-1

[Event "CAN-op"]
[Site "Vancouver CAN"]
[Date "1999.07.06"]
[Round "6"]
[White "Hua, Lefong"]
[Black "Niksic, John"]
[Result "1-0"]
[WhiteElo "2359"]
[BlackElo "2169"]
[PlyCount "117"]
[GameId "2160767911743094"]
[EventDate "1999.07.02"]
[EventType "swiss"]
[EventRounds "11"]
[EventCountry "CAN"]

1. c4 Nf6 2. Nc3 e6 3. e4 c5 4. e5 Ng8 5. Nf3 Nc6 6. d4 cxd4 7. Nxd4 Nxe5 8. Bf4 Ng6 9. Bg3 a6 10. h4 Bc5 11. a3 Nh6 12. Ne4 Bxd4 13. Nd6+ Kf8 14. Qxd4 Ne7 15. Qc5 b6 16. Qb4 a5 17. Qc3 Nhf5 18. Be5 Rg8 19. Bd3 Nxd6 20. Bxd6 f5 21. O-O-O Bb7 22. Bxf5 g6 23. Bh3 Kf7 24. Rhe1 Nf5 25. Be5 Bc6 26. g3 Rc8 27. Kb1 Qe7 28. Bxf5 gxf5 29. Qe3 Be4+ 30. Ka1 Rxc4 31. Qe2 Rgc8 32. Qh5+ Kg8 33. f3 Bd5 34. Qh6 d6 35. Bc3 Rxc3 36. bxc3 Qc7 37. Qg5+ Kf7 38. Rd3 Qc4 39. Qd2 Qb3 40. Qb2 Qxb2+ 41. Kxb2 h5 42. a4 b5 43. axb5 Rb8 44. Ka3 Rxb5 45. Rc1 Ke7 46. Rg1 Bc4 47. Re3 e5 48. Ka4 Kd7 49. Ree1 Rb3 50. Kxa5 Kc6 51. Rb1 Rxc3 52. Kb4 Rc2 53. Rbc1 Rxc1 54. Rxc1 d5 55. g4 fxg4 56. fxg4 Kd6 57. gxh5 Ke6 58. h6 Bd3 59. Rc7 1-0

[Event "CAN-op"]
[Site "Vancouver CAN"]
[Date "1999.07.06"]
[Round "6"]
[White "Karnazes, Zachary"]
[Black "Cairns, Rob"]
[Result "1-0"]
[WhiteElo "1456"]
[BlackElo "1764"]
[PlyCount "69"]
[GameId "2160767911743095"]
[EventDate "1999.07.02"]
[EventType "swiss"]
[EventRounds "11"]
[EventCountry "CAN"]

1. d4 Nf6 2. c4 g6 3. Nc3 d5 4. cxd5 Nxd5 5. Na4 Bg7 6. e4 Nb6 7. Nxb6 axb6 8. Be3 O-O 9. Bc4 Nc6 10. Ne2 Na5 11. Bd3 f5 12. e5 Be6 13. Nf4 Bd5 14. Qc2 e6 15. h4 Nb3 16. Rd1 Na5 17. b3 Kf7 18. h5 Nc6 19. Qd2 g5 20. Nh3 h6 21. f3 Rh8 22. O-O Bf8 23. g4 f4 24. Bg6+ Kg7 25. Bf2 Bxf3 26. Nxf4 Bxg4 27. Bg3 Ne7 28. Qc2 gxf4 29. Bh4 Qd5 30. Bf6+ Kg8 31. Rxf4 Bf5 32. Rxf5 exf5 33. Rd3 Nxg6 34. hxg6 Qd7 35. Qc4+ 1-0

[Event "CAN-op"]
[Site "Vancouver CAN"]
[Date "1999.07.06"]
[Round "6"]
[White "O'Donnell, Tom"]
[Black "Lapides, Andrew"]
[Result "0-1"]
[WhiteElo "2489"]
[BlackElo "2278"]
[PlyCount "48"]
[GameId "2160767911743096"]
[EventDate "1999.07.02"]
[EventType "swiss"]
[EventRounds "11"]
[EventCountry "CAN"]

1. e4 e6 2. d4 d5 3. Nd2 c5 4. exd5 Qxd5 5. Ngf3 cxd4 6. Bc4 Qd6 7. O-O Nf6 8. Nb3 Nc6 9. Nbxd4 Nxd4 10. Nxd4 a6 11. a4 Bd7 12. b3 Qc7 13. Qe2 Bc5 14. Bb2 O-O-O 15. Rad1 h5 16. h3 h4 17. Nf3 Bc6 18. Rxd8+ Rxd8 19. Nxh4 Ne4 20. Qh5 g5 21. Nf3 Nxf2 22. Nd4 Rxd4 23. Bxd4 Bxd4 24. Rxf2 Qg3 0-1

[Event "CAN-op"]
[Site "Vancouver CAN"]
[Date "1999.07.06"]
[Round "6"]
[White "Remedios, Russell"]
[Black "Lane, Travis"]
[Result "1-0"]
[WhiteElo "2110"]
[BlackElo "1946"]
[PlyCount "47"]
[GameId "2160767911743097"]
[EventDate "1999.07.02"]
[EventType "swiss"]
[EventRounds "11"]
[EventCountry "CAN"]

1. d4 Nf6 2. c4 g6 3. Nc3 Bg7 4. g3 O-O 5. Bg2 d6 6. Nf3 c5 7. d5 a6 8. a4 e5 9. O-O Nbd7 10. e4 Ne8 11. Ng5 h6 12. Nh3 f5 13. f4 exf4 14. Bxf4 Ne5 15. Bxe5 Bxe5 16. Nf4 Kg7 17. Nd3 Bxc3 18. bxc3 fxe4 19. Rxf8 Kxf8 20. Bxe4 Qf6 21. Qd2 Kg7 22. Nf4 Bf5 23. Bxf5 gxf5 24. Nh5+ 1-0

[Event "CAN-op"]
[Site "Vancouver CAN"]
[Date "1999.07.06"]
[Round "6"]
[White "Sokourinski, Sergei"]
[Black "Zybura, Andre"]
[Result "1/2-1/2"]
[WhiteElo "2253"]
[BlackElo "2055"]
[PlyCount "168"]
[GameId "2160767911743098"]
[EventDate "1999.07.02"]
[EventType "swiss"]
[EventRounds "11"]
[EventCountry "CAN"]

1. d4 Nf6 2. Nf3 e6 3. c4 Bb4+ 4. Bd2 Be7 5. Nc3 b6 6. g3 Bb7 7. Bg2 c5 8. dxc5 Bxc5 9. O-O O-O 10. Bf4 d5 11. Ne5 Nbd7 12. Nxd7 Qxd7 13. Bg5 Be7 14. cxd5 exd5 15. Bxf6 Bxf6 16. Bxd5 Bxc3 17. Bxb7 Qxb7 18. bxc3 Rac8 19. Qb3 Rc7 20. Rad1 Rfc8 21. Rd3 Qe4 22. Rfd1 h5 23. Re3 Qc4 24. Rdd3 g6 25. Rf3 b5 26. Qxc4 Rxc4 27. Rd7 f5 28. Re3 R4c7 29. Rd6 Rc6 30. Ree6 Rxd6 31. Rxd6 Kf7 32. Rd7+ Kf6 33. Rxa7 Rxc3 34. Ra6+ Kg7 35. Kg2 b4 36. e3 b3 37. axb3 Rxb3 38. h4 Rb4 39. Kf3 Re4 40. Rd6 Kf7 41. Rd4 Re6 42. Kf4 Kf6 43. Ra4 Rb6 44. f3 Rc6 45. e4 fxe4 46. fxe4 Ke6 47. Rb4 Ra6 48. Rc4 Rb6 49. Ra4 Rc6 50. Ra5 Kf6 51. Rd5 Ke6 52. Ra5 Kf6 53. Ra8 Ke6 54. Re8+ Kf7 55. Rb8 Ke6 56. Rb5 Kf6 57. e5+ Ke6 58. Rb4 Ra6 59. Rd4 Ra3 60. Rd6+ Kf7 61. Rd4 Ke6 62. Rb4 Ra6 63. Re4 Ra3 64. g4 hxg4 65. Kxg4 Ra1 66. Kg5 Rg1+ 67. Rg4 Ra1 68. Kxg6 Kxe5 69. h5 Ra6+ 70. Kh7 Kf5 71. Rg7 Ra8 72. h6 Kf6 73. Rg6+ Kf7 74. Rg1 Kf6 75. Rg8 Ra1 76. Kh8 Kf7 77. h7 Ra2 78. Rg7+ Kf8 79. Rg1 Rf2 80. Rg8+ Kf7 81. Rg7+ Kf8 82. Rb7 Rf1 83. Rb8+ Kf7 84. Rg8 Rf2 1/2-1/2

[Event "CAN-op"]
[Site "Vancouver CAN"]
[Date "1999.07.06"]
[Round "6"]
[White "Tsui, Edwin"]
[Black "Wing, Richard"]
[Result "1-0"]
[WhiteElo "1412"]
[BlackElo "1799"]
[PlyCount "57"]
[GameId "2160767911743099"]
[EventDate "1999.07.02"]
[EventType "swiss"]
[EventRounds "11"]
[EventCountry "CAN"]

1. e4 e5 2. Nf3 Nc6 3. d4 exd4 4. c3 dxc3 5. Nxc3 Bb4 6. Bc4 d6 7. O-O Bg4 8. Qb3 Bh5 9. Nd5 a5 10. a3 a4 11. axb4 axb3 12. Rxa8 Nb8 13. Be3 b6 14. Bb5+ Kf8 15. Bg5 f6 16. Nd4 Kf7 17. Bc4 Ne7 18. Nxe7+ Kxe7 19. Rxb8 Qd7 20. Nf5+ Qxf5 21. exf5 Rxb8 22. Bd2 Kd7 23. Bxb3 Be2 24. Re1 Bd3 25. Be6+ Kc6 26. Rc1+ Kb7 27. Bd5+ Kc8 28. Re1 Kd8 29. Bc6 1-0

[Event "CAN-op"]
[Site "Vancouver CAN"]
[Date "1999.07.08"]
[Round "6"]
[White "Basanta, Gary"]
[Black "Harmon, Clark"]
[Result "1-0"]
[WhiteElo "2355"]
[BlackElo "2180"]
[PlyCount "113"]
[GameId "2160767911743100"]
[EventDate "1999.07.02"]
[EventType "swiss"]
[EventRounds "11"]
[EventCountry "CAN"]
[SourceTitle "EXT 2000"]
[Source "ChessBase"]
[SourceDate "1999.11.18"]
[SourceVersion "1"]
[SourceVersionDate "1999.11.18"]
[SourceQuality "1"]

1. e4 e5 2. Nf3 Nc6 3. Bc4 Bc5 4. b4 Bxb4 5. c3 Ba5 6. d4 exd4 7. O-O Bb6 8. cxd4 d6 9. Nc3 Na5 10. Bd3 Bg4 11. Be3 Ne7 12. h3 Bxf3 13. Qxf3 Nac6 14. Bc4 O-O 15. Rad1 Ng6 16. Nd5 Qh4 17. Kh2 Rae8 18. g4 Nd8 19. Qg2 c6 20. Nxb6 axb6 21. Bd3 h5 22. f4 hxg4 23. f5 Ne7 24. Rf4 Qxh3+ 25. Qxh3 gxh3 26. Rg1 f6 27. Rfg4 Nxf5 28. Bc1 Nxd4 29. Rxg7+ Kh8 30. R7g3 Re7 31. e5 f5 32. Bg5 Rg7 33. Bf6 Rxf6 34. Rxg7 Nf3+ 35. Kh1 Nxe5 36. Rg8+ Kh7 37. R1g7+ Kh6 38. Rg3 Kh7 39. Rxd8 Nxd3 40. Rxd3 d5 41. Rd7+ Kg6 42. Rg3+ Kh6 43. Rxb7 b5 44. Rb8 Kh7 45. Rxh3+ Kg6 46. Rbh8 Kg5 47. R3h4 c5 48. R8h5+ Kg6 49. Rh6+ Kf7 50. Kg2 Ke6 51. a3 c4 52. Kf2 f4 53. Rxf6+ Kxf6 54. Rxf4+ Ke5 55. Ke3 c3 56. Rb4 d4+ 57. Kd3 1-0

[Event "CAN-op"]
[Site "Vancouver CAN"]
[Date "1999.07.08"]
[Round "6"]
[White "Gross, Ronald"]
[Black "Ivankovic, Goran"]
[Result "1/2-1/2"]
[WhiteElo "2185"]
[BlackElo "2305"]
[PlyCount "51"]
[GameId "2160767911743102"]
[EventDate "1999.07.02"]
[EventType "swiss"]
[EventRounds "11"]
[EventCountry "CAN"]
[SourceTitle "EXT 2000"]
[Source "ChessBase"]
[SourceDate "1999.11.18"]
[SourceVersion "1"]
[SourceVersionDate "1999.11.18"]
[SourceQuality "1"]

1. d4 e6 2. c4 Nf6 3. Nc3 d5 4. Bg5 Nbd7 5. e3 c6 6. Nf3 Qa5 7. Bxf6 Nxf6 8. Qb3 Be7 9. Bd3 O-O 10. O-O Qb6 11. e4 dxe4 12. Nxe4 Nxe4 13. Bxe4 Qxb3 14. axb3 Rd8 15. Rfd1 Bd7 16. Kf1 a6 17. Ne5 f6 18. Nxd7 Rxd7 19. d5 Rad8 20. Rac1 cxd5 21. cxd5 f5 22. Bf3 exd5 23. Ke2 Bf6 24. Rc2 g5 25. g3 d4 26. Kd3 1/2-1/2

[Event "CAN-op"]
[Site "Vancouver CAN"]
[Date "1999.07.08"]
[Round "6"]
[White "Gufeld, Eduard"]
[Black "Saidy, Anthony"]
[Result "1/2-1/2"]
[WhiteElo "2454"]
[BlackElo "2375"]
[PlyCount "25"]
[GameId "2160767911743103"]
[EventDate "1999.07.02"]
[EventType "swiss"]
[EventRounds "11"]
[EventCountry "CAN"]
[SourceTitle "EXT 2000"]
[Source "ChessBase"]
[SourceDate "1999.11.18"]
[SourceVersion "1"]
[SourceVersionDate "1999.11.18"]
[SourceQuality "1"]

1. d4 d5 2. c4 c6 3. cxd5 cxd5 4. Nc3 Nf6 5. Nf3 Nc6 6. Bf4 Bf5 7. e3 e6 8. Bd3 Bxd3 9. Qxd3 Bd6 10. Bxd6 Qxd6 11. O-O O-O 12. Rfc1 Rfc8 13. h3 1/2-1/2

[Event "CAN-op"]
[Site "Vancouver CAN"]
[Date "1999.07.08"]
[Round "6"]
[White "Milicevic, Dragoljub"]
[Black "Yoos, John"]
[Result "0-1"]
[WhiteElo "2226"]
[BlackElo "2302"]
[PlyCount "84"]
[GameId "2160767911743105"]
[EventDate "1999.07.02"]
[EventType "swiss"]
[EventRounds "11"]
[EventCountry "CAN"]
[SourceTitle "EXT 2000"]
[Source "ChessBase"]
[SourceDate "1999.11.18"]
[SourceVersion "1"]
[SourceVersionDate "1999.11.18"]
[SourceQuality "1"]

1. Nf3 g6 2. g3 Bg7 3. d4 Nf6 4. Bg2 O-O 5. c4 d6 6. O-O Nc6 7. Nc3 a6 8. b3 Rb8 9. Nd5 Ne8 10. Bb2 e6 11. Ne3 Ne7 12. Qd2 f5 13. d5 e5 14. Ng5 h6 15. Nh3 f4 16. gxf4 exf4 17. Nd1 g5 18. Bxg7 Nxg7 19. f3 Nef5 20. e4 Nh4 21. Ndf2 Qf6 22. Rad1 Qg6 23. Nd3 Qh5 24. Nhf2 Qxf3 25. Bxf3 Nxf3+ 26. Kg2 Nxd2 27. Rxd2 Bd7 28. Kf3 Kh7 29. Rg1 Nh5 30. e5 dxe5 31. Nxe5 Bf5 32. c5 Rbe8 33. Nc4 Nf6 34. h3 Be4+ 35. Nxe4 Nxe4 36. Rdg2 Nxc5 37. h4 b5 38. Nb2 Re3+ 39. Kg4 f3 40. Rh2 Rf4+ 41. Kh5 Ne4 42. hxg5 Nf6+ 0-1

[Event "CAN-op"]
[Site "Vancouver CAN"]
[Date "1999.07.08"]
[Round "6"]
[White "Orlov, Georgi"]
[Black "Fullbrook, Nigel"]
[Result "1-0"]
[WhiteElo "2501"]
[BlackElo "2225"]
[PlyCount "71"]
[GameId "2160767911743106"]
[EventDate "1999.07.02"]
[EventType "swiss"]
[EventRounds "11"]
[EventCountry "CAN"]
[SourceTitle "EXT 2000"]
[Source "ChessBase"]
[SourceDate "1999.11.18"]
[SourceVersion "1"]
[SourceVersionDate "1999.11.18"]
[SourceQuality "1"]

1. d4 Nf6 2. c4 c5 3. Nf3 g6 4. Nc3 Bg7 5. e4 cxd4 6. Nxd4 d6 7. Be2 Nc6 8. Be3 O-O 9. O-O Bd7 10. Qd2 a6 11. f3 Qb8 12. a4 Rc8 13. b3 Ne5 14. Rac1 b6 15. Nd5 Nxd5 16. cxd5 h5 17. h3 f6 18. f4 Nf7 19. Nc6 Bxc6 20. dxc6 Qc7 21. Qd5 Kf8 22. f5 Bh6 23. Bxh6+ Nxh6 24. fxg6 Kg7 25. Bxh5 b5 26. Bg4 Qb6+ 27. Kh1 Rc7 28. Bd7 Rf8 29. Qe6 Ng8 30. axb5 axb5 31. Rf5 Qe3 32. Rcf1 Qd3 33. R1f3 Qd1+ 34. Kh2 Ra7 35. Rh5 Ra1 36. Rh7+ 1-0

[Event "CAN-op"]
[Site "Vancouver CAN"]
[Date "1999.07.08"]
[Round "6"]
[White "Reddy, Tyler"]
[Black "Lipnowski, Irwin"]
[Result "0-1"]
[WhiteElo "2027"]
[BlackElo "2316"]
[PlyCount "138"]
[GameId "2160767911743107"]
[EventDate "1999.07.02"]
[EventType "swiss"]
[EventRounds "11"]
[EventCountry "CAN"]
[SourceTitle "EXT 2000"]
[Source "ChessBase"]
[SourceDate "1999.11.18"]
[SourceVersion "1"]
[SourceVersionDate "1999.11.18"]
[SourceQuality "1"]

1. c4 e5 2. g3 Nc6 3. Bg2 Nf6 4. Nc3 Bb4 5. Nd5 Bc5 6. e3 O-O 7. Ne2 Re8 8. O-O d6 9. d4 Bb6 10. h3 Bf5 11. a4 exd4 12. exd4 Nxd5 13. cxd5 Nb4 14. a5 Bd3 15. Be3 Bxe2 16. Qxe2 Bxd4 17. Qc4 Bxe3 18. Qxb4 Bc5 19. Qc4 b5 20. Qc3 b4 21. Qd3 Qf6 22. Rab1 Re7 23. b3 Rae8 24. Qf3 Qg6 25. Rbc1 Re5 26. Rc4 Rf5 27. Re4 Ree5 28. Qg4 Qxg4 29. hxg4 Rxe4 30. Bxe4 Re5 31. Bf3 Kf8 32. a6 Bd4 33. Rc1 Bc3 34. Kg2 Ke7 35. Rc2 Kf6 36. Re2 Rxe2 37. Bxe2 Ke5 38. Bc4 Ke4 39. Kf1 Kf3 40. Be2+ Ke4 41. Bc4 Kf3 42. Be2+ Ke4 43. Bc4 Bd4 44. Ke2 Bb6 45. Kf1 Kf3 46. Be2+ Ke4 47. Bc4 Kd4 48. Ke2 c6 49. dxc6 d5 50. Bb5 Kc3 51. Ba4 Kc2 52. Bb5 Kxb3 53. Kd2 Ka2 54. Bd3 g6 55. Be2 b3 56. Bf3 Ka1 57. Bxd5 b2 58. Be4 b1=Q 59. Bxb1 Kxb1 60. Kc3 Ka2 61. Kb4 Kb2 62. Kc4 Ka3 63. f4 Ka4 64. f5 Ka5 65. fxg6 hxg6 66. g5 Kxa6 67. Kb4 Bc7 68. Kc5 Ka5 69. g4 a6 0-1

[Event "CAN-op"]
[Site "Vancouver CAN"]
[Date "1999.07.08"]
[Round "6"]
[White "Ristovic, Nenad"]
[Black "Spraggett, Kevin"]
[Result "0-1"]
[WhiteElo "2265"]
[BlackElo "2521"]
[PlyCount "64"]
[GameId "2160767911743108"]
[EventDate "1999.07.02"]
[EventType "swiss"]
[EventRounds "11"]
[EventCountry "CAN"]
[SourceTitle "EXT 2000"]
[Source "ChessBase"]
[SourceDate "1999.11.18"]
[SourceVersion "1"]
[SourceVersionDate "1999.11.18"]
[SourceQuality "1"]

1. d4 Nf6 2. c4 g6 3. g3 Bg7 4. Bg2 O-O 5. Nc3 d6 6. Nf3 Nbd7 7. O-O e5 8. h3 c6 9. e4 exd4 10. Nxd4 Qb6 11. Re1 Ne8 12. Nb3 a5 13. Nd2 Nc5 14. Na4 Nxa4 15. Qxa4 f5 16. Qb3 Qc5 17. exf5 a4 18. Qe3 Bxf5 19. Qxc5 dxc5 20. g4 Bc2 21. Be4 a3 22. Bxc2 axb2 23. Bxb2 Bxb2 24. Rab1 Bd4 25. Ne4 Rxa2 26. Re2 Nf6 27. Nxf6+ Rxf6 28. Rxb7 Rxf2 29. Rxf2 Rxc2 30. Rb8+ Kg7 31. Rb7+ Kh6 32. Rbf7 Kg5 0-1

[Event "CAN-op"]
[Site "Vancouver CAN"]
[Date "1999.07.07"]
[Round "7"]
[White "Arabacioglu, Murat"]
[Black "Ristovic, Nenad"]
[Result "0-1"]
[WhiteElo "2130"]
[BlackElo "2308"]
[PlyCount "55"]
[GameId "2160767911743109"]
[EventDate "1999.07.02"]
[EventType "swiss"]
[EventRounds "11"]
[EventCountry "CAN"]

1. e4 e6 2. d4 d5 3. Nd2 Nf6 4. e5 Nfd7 5. Bd3 c5 6. c3 Nc6 7. Ne2 cxd4 8. cxd4 f6 9. exf6 Nxf6 10. Nf3 Bd6 11. O-O O-O 12. Bf4 Bxf4 13. Nxf4 Ne4 14. Ne2 Rxf3 15. gxf3 Ng5 16. Ng3 Nxd4 17. Be2 e5 18. Kh1 Nh3 19. Rc1 Bd7 20. Qd3 Qh4 21. Rc7 Bc6 22. Nf5 Nxf2+ 23. Rxf2 Qxf2 24. Rxg7+ Kh8 25. Rxh7+ Kxh7 26. Nh4+ e4 27. fxe4 Qxe2 28. Qxd4 0-1

[Event "CAN-op"]
[Site "Vancouver CAN"]
[Date "1999.07.07"]
[Round "7"]
[White "Ehrman, Carl"]
[Black "Milicevic, Dragoljub"]
[Result "0-1"]
[WhiteElo "2197"]
[BlackElo "2311"]
[PlyCount "70"]
[GameId "2160767911743110"]
[EventDate "1999.07.02"]
[EventType "swiss"]
[EventRounds "11"]
[EventCountry "CAN"]

1. e4 d5 2. Nc3 d4 3. Nce2 e5 4. d3 Nc6 5. g3 g5 6. h4 g4 7. c3 h5 8. cxd4 Nxd4 9. Nxd4 Qxd4 10. Qc2 Bb4+ 11. Bd2 Bxd2+ 12. Qxd2 Be6 13. Ne2 Qd6 14. d4 Nf6 15. dxe5 Qxe5 16. Qc3 Qxc3+ 17. Nxc3 O-O-O 18. Ke2 Nxe4 19. Nxe4 Bd5 20. f3 f5 21. Ng5 Bc6 22. Ke3 Rhe8+ 23. Kf4 gxf3 24. Bh3 f2 25. Bxf5+ Kb8 26. Rhd1 Bg2 27. Rf1 Rd4+ 28. Be4 Bxe4 29. Ke3 c5 30. Kxf2 Bd5 31. Rfc1 Rd2+ 32. Kf1 c4 33. Rab1 Ree2 34. b3 Rh2 35. Ke1 Rdg2 0-1

[Event "CAN-op"]
[Site "Vancouver CAN"]
[Date "1999.07.07"]
[Round "7"]
[White "Goldner, John"]
[Black "Hellsten, Ole"]
[Result "1-0"]
[WhiteElo "1916"]
[BlackElo "2045"]
[PlyCount "59"]
[GameId "2160767911743111"]
[EventDate "1999.07.02"]
[EventType "swiss"]
[EventRounds "11"]
[EventCountry "CAN"]

1. e4 c6 2. d4 d5 3. e5 Bf5 4. Bd3 Bg6 5. e6 f6 6. Bxg6+ hxg6 7. Qd3 Qd6 8. Qxg6+ Kd8 9. Qf7 Nh6 10. Bxh6 gxh6 11. Ne2 Na6 12. g3 Qb4+ 13. Nbc3 Qxb2 14. Rb1 Qxc2 15. Rxb7 Nc7 16. O-O h5 17. Rfb1 Kc8 18. Nxd5 cxd5 19. Nf4 Qh7 20. Nxd5 Qxf7 21. Rxc7+ Kd8 22. Rd7+ Kc8 23. Rc7+ Kd8 24. Rd7+ Kc8 25. Rc1+ Kb8 26. exf7 Bh6 27. Rb1+ Kc8 28. Rbb7 Bf8 29. Rbc7+ Kb8 30. Rd8# 1-0

[Event "CAN-op"]
[Site "Vancouver CAN"]
[Date "1999.07.07"]
[Round "7"]
[White "Jiganchine, Roman"]
[Black "Wright, Stephen"]
[Result "0-1"]
[WhiteElo "2083"]
[BlackElo "2220"]
[PlyCount "74"]
[GameId "2160767911743112"]
[EventDate "1999.07.02"]
[EventType "swiss"]
[EventRounds "11"]
[EventCountry "CAN"]

1. e4 Nf6 2. Nc3 d5 3. exd5 Nxd5 4. Bc4 Nb6 5. Bb3 Nc6 6. Nf3 Bf5 7. O-O e6 8. d4 Be7 9. Bf4 O-O 10. d5 exd5 11. Nxd5 Nxd5 12. Qxd5 Qxd5 13. Bxd5 Rfd8 14. Bb3 Bd6 15. Bxd6 Rxd6 16. Rad1 Rad8 17. c3 Bd3 18. Rfe1 Na5 19. Ne5 Nxb3 20. Rxd3 Rxd3 21. Nxd3 Kf8 22. Ne5 Nc5 23. Nf3 Na4 24. Rb1 Nxb2 25. Kf1 Rd1+ 26. Rxd1 Nxd1 27. c4 Nc3 28. a3 Nb1 29. a4 a5 30. Ke2 Nc3+ 31. Kd3 Nxa4 32. Kd4 Ke7 33. c5 f6 34. Kc4 Nb2+ 35. Kb5 a4 36. Kb4 Nd3+ 37. Kxa4 Nxc5+ 0-1

[Event "CAN-op"]
[Site "Vancouver CAN"]
[Date "1999.07.07"]
[Round "7"]
[White "Lapides, Andrew"]
[Black "Basanta, Gary"]
[Result "0-1"]
[WhiteElo "2278"]
[BlackElo "2394"]
[PlyCount "68"]
[GameId "2160767911743113"]
[EventDate "1999.07.02"]
[EventType "swiss"]
[EventRounds "11"]
[EventCountry "CAN"]

1. e4 c5 2. Nc3 e6 3. g3 d5 4. exd5 exd5 5. Bg2 Nf6 6. d3 Be7 7. Bg5 d4 8. Bxf6 Bxf6 9. Ne4 O-O 10. Ne2 Nc6 11. O-O Be7 12. Nf4 Bf5 13. Nd5 Re8 14. Nxe7+ Qxe7 15. Qh5 g6 16. Qh6 Nb4 17. a3 Nd5 18. Rae1 Nf6 19. Nxf6+ Qxf6 20. Bxb7 Rab8 21. b3 Bg4 22. Kg2 Be2 23. Be4 Bxf1+ 24. Rxf1 Re5 25. g4 Rbe8 26. Kg3 Qd6 27. Kg2 R5e6 28. Rg1 Rxe4 29. dxe4 Rxe4 30. h3 Re2 31. Qc1 Qe5 32. Rf1 Qe4+ 33. Kg3 Rxc2 34. Re1 Qd3+ 0-1

[Event "CAN-op"]
[Site "Vancouver CAN"]
[Date "1999.07.07"]
[Round "7"]
[White "Neufahrt, Gerhard"]
[Black "Hua, Lefong"]
[Result "0-1"]
[WhiteElo "2136"]
[BlackElo "2359"]
[PlyCount "116"]
[GameId "2160767911743114"]
[EventDate "1999.07.02"]
[EventType "swiss"]
[EventRounds "11"]
[EventCountry "CAN"]

1. d4 Nf6 2. Nf3 e6 3. Bf4 c5 4. e3 Nc6 5. c3 b6 6. Bd3 Bb7 7. Nbd2 Be7 8. Qe2 Nh5 9. Ne5 Nxf4 10. exf4 cxd4 11. Nxc6 dxc6 12. f5 dxc3 13. bxc3 exf5 14. Bxf5 O-O 15. O-O g6 16. Bc2 Qc7 17. Ne4 f5 18. Qc4+ Kg7 19. Qd4+ Bf6 20. Nxf6 Rxf6 21. Rad1 c5 22. Qd7+ Qxd7 23. Rxd7+ Rf7 24. Rfd1 Bc6 25. R7d6 Rc8 26. h4 Rf6 27. Bb3 Rxd6 28. Rxd6 Rc7 29. f3 Bb5 30. a4 Be8 31. Rd8 Bf7 32. Bxf7 Kxf7 33. Kf2 Ke7 34. Rd2 Rd7 35. Re2+ Kf7 36. a5 bxa5 37. Ra2 Ke6 38. Rxa5 Kd5 39. Ra4 Kc6 40. Ke2 Kb5 41. Ra1 a5 42. Rb1+ Kc4 43. Ra1 Kxc3 44. Rxa5 c4 45. h5 Kc2 46. Ra2+ Kb3 47. Ra5 c3 48. hxg6 hxg6 49. Rb5+ Kc4 50. Rb6 c2 51. Rc6+ Kb3 52. Rb6+ Ka2 53. Ra6+ Kb1 54. Rb6+ Kc1 55. Rxg6 Re7+ 56. Kf2 Rc7 57. Re6 Kd2 58. Re2+ Kd3 0-1

[Event "CAN-op"]
[Site "Vancouver CAN"]
[Date "1999.07.07"]
[Round "7"]
[White "Smith, Maurice"]
[Black "Brodie, Hugh"]
[Result "1/2-1/2"]
[WhiteElo "1820"]
[BlackElo "1990"]
[PlyCount "84"]
[GameId "2160767911743115"]
[EventDate "1999.07.02"]
[EventType "swiss"]
[EventRounds "11"]
[EventCountry "CAN"]

1. d4 e6 2. e4 d5 3. exd5 exd5 4. Bd3 Bd6 5. Nf3 Nf6 6. Bg5 h6 7. Bh4 O-O 8. O-O c5 9. c3 Nc6 10. Nbd2 c4 11. Bc2 Re8 12. Re1 Rxe1+ 13. Qxe1 g5 14. Bg3 Ne7 15. Bxd6 Qxd6 16. h3 Bf5 17. Bxf5 Nxf5 18. Qe5 Qxe5 19. Nxe5 Nd6 20. Nef3 Re8 21. Kf1 Nfe4 22. Re1 f6 23. Nxe4 Nxe4 24. Re2 Kf7 25. Ke1 Re6 26. Kd1 Ra6 27. a3 Rb6 28. Kc2 Rc6 29. Nd2 Nxd2 30. Kxd2 b5 31. g3 a5 32. f3 Rb6 33. Kc2 b4 34. axb4 axb4 35. Re1 b3+ 36. Kd2 Ra6 37. Rb1 Ra2 38. Ke3 f5 39. g4 Kf6 40. Kd2 Kg6 41. Ke3 fxg4 42. fxg4 Kg7 1/2-1/2

[Event "CAN-op"]
[Site "Vancouver CAN"]
[Date "1999.07.07"]
[Round "7"]
[White "Strojevs, Alexander"]
[Black "Steinke, Wally"]
[Result "1-0"]
[WhiteElo "1884"]
[BlackElo "1716"]
[PlyCount "71"]
[GameId "2160767911743116"]
[EventDate "1999.07.02"]
[EventType "swiss"]
[EventRounds "11"]
[EventCountry "CAN"]
[SourceTitle "EXT 2022"]
[Source "ChessBase"]
[SourceDate "2021.10.06"]
[SourceVersion "1"]
[SourceVersionDate "2021.10.06"]
[SourceQuality "1"]

1. d4 Nf6 2. c4 e6 3. Nc3 Bb4 4. e3 O-O 5. Bd3 d5 6. Nf3 c5 7. O-O Nc6 8. a3 Bxc3 9. bxc3 b6 10. cxd5 exd5 11. h3 Qc7 12. Bb2 c4 13. Bc2 Ne7 14. Nh4 Ne4 15. Nf3 Ng6 16. Qe2 f5 17. a4 f4 18. Nd2 Bf5 19. Bxe4 Bxe4 20. Nxe4 dxe4 21. exf4 Nxf4 22. Qg4 Rf6 23. Bc1 Raf8 24. Bxf4 Rxf4 25. Qe6+ Qf7 26. Qxf7+ R8xf7 27. Rae1 Re7 28. Re3 Kf7 29. Rfe1 h5 30. f3 Rf5 31. Rxe4 Rxe4 32. fxe4 Ra5 33. e5 Rxa4 34. e6+ Ke7 35. d5 Ra5 36. d6+ 1-0

[Event "CAN-op"]
[Site "Vancouver CAN"]
[Date "1999.07.09"]
[Round "7"]
[White "Fullbrook, Nigel"]
[Black "Gross, Ronald"]
[Result "0-1"]
[WhiteElo "2225"]
[BlackElo "2185"]
[PlyCount "64"]
[GameId "2160767911743118"]
[EventDate "1999.07.02"]
[EventType "swiss"]
[EventRounds "11"]
[EventCountry "CAN"]
[SourceTitle "EXT 2000"]
[Source "ChessBase"]
[SourceDate "1999.11.18"]
[SourceVersion "1"]
[SourceVersionDate "1999.11.18"]
[SourceQuality "1"]

1. e4 e5 2. Nf3 Nf6 3. Nxe5 d6 4. Nxf7 Kxf7 5. Nc3 g6 6. d4 c5 7. dxc5 Qa5 8. cxd6 Be6 9. Bd2 Bxd6 10. f4 Bc5 11. e5 Ng4 12. Ne4 Qb6 13. Qf3 Nc6 14. Ng5+ Ke7 15. Nxe6 Bf2+ 16. Kd1 Qxb2 17. Rc1 h5 18. h3 Bb6 19. hxg4 hxg4 20. Rxh8 gxf3 21. Rh7+ Kxe6 22. Bc4+ Kf5 23. gxf3 Nxe5 24. fxe5 Qd4 25. Bd3+ Kxe5 26. Rb1 Qg1+ 27. Be1 Re8 28. Rb4 Kd6 29. Rxb6+ axb6 30. Be4 Qd4+ 31. Bd2 Rh8 32. c3 Qg1+ 0-1